000 01760nam a2200517 i 4500
001 30147
003 KOSZ 005
005 20210326094558.0
008 970510s1993 pl a f |000 0 pol
015 _aUWD 1994/7902
020 _a8390121018
035 _a991000617469705066
035 _a(PL-WaBN)b10206231-48omnis_nlop
035 _ab10206231
035 _a(OCoLC)834016167
035 _axx001753778
035 _a(PL)b0000001020623
035 _a(EXLNZ-48OMNIS_NETWORK)9910011624305606
040 _aWA N
_cWA N
_dKOSZ 005/HR
046 _k1993
080 _a504.13/.14
080 _a338.26
080 _a519.8
100 1 _aJanikowski, Ryszard
_d(1950-2020)
_eAutor
245 1 0 _aWielokryterialny model decyzyjny jako narzędzie oceny oddziaływania projektowanej działalności człowieka na środowisko /
_cRyszard Janikowski ; [Instytut Ekologii Terenów Uprzemysłowionych].
260 _aKatowice :
_b[s.n.],
_c1993.
300 _a[4], 138 s. :
_b1 mapa, rys., wykr. ;
_c21 cm.
336 _aTekst
_btxt
_2rdacontent
337 _aBez urządzenia pośredniczącego
_bn
_2rdamedia
338 _aWolumin
_bnc
_2rdacarrier
380 _aKsiążki
388 _a1901-2000
388 _a1989-2000
504 _aBibliogr. s. 115-129.
650 7 _aDecyzje
_2DBN
650 7 _aGospodarka
650 7 _aOcena oddziaływania na środowisko
650 7 _aMacierze
_2DBN
650 7 _aOchrona środowiska
_2DBN
650 7 _aModele matematyczne
658 _aOchrona środowiska
658 _aGospodarka, ekonomia, finanse
856 _uhttp://koha.tu.koszalin.pl/cgi-bin/koha/opac-detail.pl?biblionumber=30147
_yKatalog online BPK
942 _2UKD
_cKS
999 _c30147
_d30147